000 00337nam a2200121Ia 4500
008 231129s1978||||xx |||||||||||||| ||spa||
082 _aHAJ- 0551
100 _aInstituto Colombiano de Cultura
245 0 _aLiteratura de Colombia aborigen: en pos de la palabra
260 _c1978
264 _aBogotá: Impresa 1978
942 _2ddc
_cBKS
999 _c19330
_d19330